Giải quyết vấn đề nhằm phát triển năng lực người học trong dạy bài "Thấu kính hội tụ" [Vật lí 9] /

Saved in:
Bibliographic Details
Main Author: Võ Văn Thông, ThS.
Other Authors: Lương Thị Tú Oanh, ThS.
Format: Article
Language:Vietnamese
Subjects:
Tags: Add Tag
No Tags, Be the first to tag this record!
Institutions: Thư viện Trường Đại học Đà Lạt
LEADER 00938nam a2200289 4500
001 DLU180185936
005 ##20180719
040 # # |a DLU  |b vie 
041 # # |a vie 
044 # # |a vn 
100 # # |a Võ Văn Thông,   |c ThS. 
245 # # |a Giải quyết vấn đề nhằm phát triển năng lực người học trong dạy bài "Thấu kính hội tụ" [Vật lí 9] /  |c Võ Văn Thông, Lương Thị Tú Oanh. 
653 # # |a Dạy học 
653 # # |a Môn Vật lí 9 
653 # # |a Năng lực 
653 # # |a Người học 
700 # # |a Lương Thị Tú Oanh,   |c ThS. 
773 # # |t Tạp chí dạy và học ngày nay  |g Số 11, 2015, tr. 40-43 
920 # # |a Phòng Tạp chí -- Trung tâm Thông tin - Thư viện Trường Đại học Đà Lạt 
994 # # |a DLU 
900 # # |a True 
911 # # |a Trần Thị Minh Hương 
925 # # |a G 
926 # # |a A 
927 # # |a BB 
980 # # |a Thư viện Trường Đại học Đà Lạt